Early start on the Cello
Gorde:
| Egile nagusia: | |
|---|---|
| Formatua: | Liburua |
| Hizkuntza: | ingelesa |
| Argitaratua: |
Kassel
Barenreiter
2009
|
| Saila: | The Sassmannshaus Tradition
|
| Gaiak: | |
| Etiketak: |
Etiketa erantsi
Etiketarik gabe, Izan zaitez lehena erregistro honi etiketa jartzen!
|
MARC
| LEADER | 00000cam a2200000 a 4500 | ||
|---|---|---|---|
| 001 | UCF6742 | ||
| 003 | CL-VaPUC | ||
| 008 | 130516e20090000GW |||||||||||||||||eng|d | ||
| 020 | |a 9790006538560 | ||
| 082 | 0 | 4 | |a 787.4 |b SAS |2 21 |
| 100 | 0 | |a Sassmannshaus, Egon |e author |9 568766 | |
| 245 | 1 | 0 | |a Early start on the Cello |
| 300 | |a v | ||
| 942 | |c BK | ||
| 945 | |d 20130516 00:00:00 |a dcastane | ||
| 260 | |a Kassel |b Barenreiter |c 2009 | ||
| 500 | |a v.1: a cello method for children age four and older | ||
| 500 | |a v.2: a cello method for children | ||
| 500 | |a v.3: elementary duets. Dances and other pieces in various keys | ||
| 500 | |a v.4: a cello method for children | ||
| 650 | 0 | |a Música para violoncello |9 337408 | |
| 650 | 0 | |a Música para cello |9 522078 | |
| 650 | 0 | |a Partituras |9 324008 | |
| 650 | 0 | |a Música instrumental |9 375235 | |
| 583 | |a last modification |c 20130516 09:57:00 |k Rodrigo Vera | ||
| 490 | 0 | |a The Sassmannshaus Tradition | |
| 999 | |c 351849 |d 351847 | ||
| 952 | |0 0 |1 0 |4 0 |6 787_400000000000000_SAS_2009 |7 0 |8 X |9 456226 |a BIBEDU |b BIBEDU |d 2019-11-22 |h v.1 |i 4971167 |l 3 |o 787.4 SAS 2009 |p 4971167 |r 2024-10-21 |s 2024-10-09 |w 2019-11-22 |y BK_X |k MUS | ||
| 952 | |0 0 |1 0 |4 0 |6 787_400000000000000_SAS_2009 |7 0 |8 X |9 456227 |a BIBEDU |b BIBEDU |d 2019-11-22 |h v.2 |i 4971175 |l 3 |o 787.4 SAS 2009 |p 4971175 |r 2024-11-21 |s 2024-11-21 |w 2019-11-22 |y BK_X |k MUS | ||
| 952 | |0 0 |1 0 |4 0 |6 787_400000000000000_SAS_2009 |7 0 |8 X |9 456228 |a BIBEDU |b BIBEDU |d 2019-11-22 |h v.3 |i 4971183 |l 2 |o 787.4 SAS 2009 |p 4971183 |r 2024-10-21 |s 2024-10-09 |w 2019-11-22 |y BK_X |k MUS | ||
| 952 | |0 0 |1 0 |4 0 |6 787_400000000000000_SAS_2009 |7 0 |8 X |9 456229 |a BIBEDU |b BIBEDU |d 2019-11-22 |h v.4 |i 4971191 |l 3 |o 787.4 SAS 2009 |p 4971191 |r 2024-10-21 |s 2024-10-09 |w 2019-11-22 |y BK_X |k MUS | ||